Derecho de las obligaciones /
Guardado en:
| Autor Principal: | |
|---|---|
| Formato: | Libro |
| Idioma: | Spanish |
| Publicado: |
Buenos Aires :
Hammurabi,
2017
|
| Edición: | 3a. ed. |
| Materias: | |
| Etiquetas: |
Agregar Etiqueta
Sin Etiquetas, Sea el primero en etiquetar este registro!
|
| LEADER | 00973nam a22002055a 4500 | ||
|---|---|---|---|
| 001 | DER.der013484 | ||
| 008 | 180615s2017####ag#||||||||||||||#||spa|| | ||
| 005 | 20250331113642.0 | ||
| 245 | 1 | 0 | |a Derecho de las obligaciones / |c Carlos A. Calvo Costa. |
| 250 | |a 3a. ed. | ||
| 260 | |a Buenos Aires : |b Hammurabi, |c 2017 | ||
| 300 | |a 1152 p. | ||
| 500 | |a Análisis bajo el Código Civil y Comercial de la Nación | ||
| 505 | 0 | |a Teoría general de la Obligación. Elementos y efectos. Reconocimiento. Clasificación de las obligaciones. Cesión de derechos y deudas. Modos extintos de las obligaciones. | |
| 505 | 0 | |a Derecho de Daños. Funciones de la Responsabilidad Civil: Prevención y Reparación. Antijuridicidad. Daño. Relación de causalidad. Factores de atribución. Responsabilidades especiales. | |
| 020 | |a 9789507418402 | ||
| 100 | 1 | |a Calvo Costa, Carlos A. | |
| 650 | 7 | |a DERECHO DE LAS OBLIGACIONES | |
| 650 | 7 | |a DERECHO DE DAÑOS | |
| 859 | |a DERECHO |b BIB. DERECHO |h 346 |i CAL |p 008456 | ||
